00149nam a2200061Ia 4500008004100000100001000041245003600051120527s9999 xx 000 0 und d aI.M.F aWorld economic outlook May 1994